Loups-Garous de Thiercelieux : Rôles en images - Statistiques

Statistiques générales
  • Ce quiz a été pris 1 389 fois
  • Le résultat moyen est 16 sur 30
Statistiques - réponses
Par images Réponse % Correct
Voyante
99%
Cupidon
96%
Loup-Garou
96%
Chasseur
95%
Petite Fille
93%
Sorcière
83%
Loup-Garou Blanc
82%
Simple Villageois
82%
Voleur
76%
Renard
74%
Ange
70%
Joueur de Flûte
60%
Corbeau
56%
Enfant Sauvage
53%
Juge Bègue
52%
Deux Soeurs
48%
Chien-Loup
41%
Ancien
37%
Chevalier à l'Épée rouillée
34%
Pyromane
30%
Trois Frères
30%
Infect Père des Loups
29%
Montreur d'ours
28%
Idiot du Village
25%
Grand Méchant Loup
24%
Bouc Émissaire
23%
Salvateur
19%
Servante Dévouée
14%
Comédien
11%
Abominable Sectaire
6%
Aucun quiz correspondant
Distribution des résultats
% des personnes avec chaque résultat
Percentile par nombre de réponses
Votre historique - résultats
Vous n’avez pas pris ce quiz